Państwa po fragmencie opisu z wikipedii - Statystyki

Ogólne statystyki
  • Ten quiz został rozwiązany 26 razy
  • Średni wynik to 5 z 10
Statystyki odpowiedzi
Fragment opisu Państwo % Poprawnych
Graniczy na północy z Rosją, na południu z Armenią i Turcją, a na wschodzie z Azerbejdżanem; zachodnią granicę kraju wyznacza wybrzeże Morza Czarnego Gruzja
83%
Dawniej nazywany Gujaną Holenderską Surinam
83%
Zajmuje 9. miejsce w Europie pod względem powierzchni oraz 8. pod względem liczby ludności. Na świecie zajmuje 70. miejsce pod względem powierzchni i 35. miejsce pod względem liczby ludności Polska
79%
Językami urzędowymi są w niderlandzki, francuski i niemiecki. Większa część populacji (56–60%) posługuje się językiem niderlandzkim, około 40–44% francuskim, bądź walońskim i zaledwie 1% niemieckim Belgia
75%
Obecnie jest razem z Erytreą jednym z dwóch na świecie państw totalitarnych Korea Północna
63%
Tradycyjnie za symboliczny początek współcześnie istniejącej państwowości uznawane jest założenie przez świętego Maryna w roku 301 n.e. wspólnoty religijnej na szczycie Monte Titano, gdzie wedle legend miał się on skryć przed ówczesnymi prześladowcami chrześcijan San Marino
58%
Ma ekstremalnie kontynentalny klimat. Wyjątkami są obszary przybrzeżne Morza Kaspijskiego oraz góry Turkmenistan
38%
Od czasu uzyskania niepodległości od Francji, 17 sierpnia 1960, był rządzony tylko przez trzech prezydentów Gabon
25%
Zostało zaanektowane przez Cesarstwo Niemieckie w 1888 i pozostawało jego kolonią do 1914, gdy zajęły go wojska australijskie Nauru
25%
Państwo podzielone jest na 6 gmin. Językiem urzędowym jest język angielski z jego odmianą patois, ale w powszechnym użyciu jest także francuski Saint Vincent i Grenadyny
13%
Nie znaleziono quizów pasujących do podanych kryteriów
Rozkład punktacji
Procent ludzi z każdym wynikiem
Percentyl według liczby udzielonych odpowiedzi
Twoja historia wyników
Nie rozwiązałeś tego quizu